| 000 | 00000nam##2200000za#4500 |
| 001 | 9.639269 |
| 003 | CaOODSP |
| 005 | 20210624222058 |
| 007 | cr ||||||||||| |
| 008 | 150407|2001||||xxc|||||o f|0| 0 fre|d |
| 040 | |aCaOODSP|bfre |
| 043 | |an-cn--- |
| 086 | 1 |aC1-21/2000F-PDF |
| 110 | 1 |aCanada.|bIndustrie Canada. |bDirection de la politique des télécommunications. |
| 245 | 10|aService de télécommunication au Canada : |h[ressource électronique]|bun aperçu de l'industrie, 1999-2000 |
| 260 | |aOttawa - Ontario : |bIndustrie Canada. |cc2001. |
| 300 | |a176p.|bfigures (certaines en couleur), glossaire, graphiques, carte, organigrammes, références, tableaux |
| 500 | |a«La présente publication présente une vue d'ensemble de l'activité économique, du rendement financier, et des développements relatifs à la réglementation et à l'expansion de l'entreprise dans l'industrie canadienne des services de télécommunication. La publication a été développée à partir des informations obtenues de plusieurs sources différentes, incluant Statistique Canada, les rapports publics de compagnies, et le Conseil de la radiodiffusion et des télécommunications (CRTC).»--Introduction. |
| 520 | 3 |aLa présente publication présente une vue d'ensemble de l'activité économique, du rendement financier, et des développements relatifs à la réglementation et à l'expansion de l'entreprise dans l'industrie canadienne des services de télécommunication. La publication a été développée à partir des informations obtenues de plusieurs sources différentes, incluant Statistique Canada, les rapports publics de compagnies, et le Conseil de la radiodiffusion et des télécommunications (CRTC).--Introduction |
| 590 | |a11-28-Supp|b2011-11-17 |
| 691 | 07|aTechnologie industrielle|2gcpds |
| 691 | 07|aIndustrie des communications|2gcpds |
| 775 | 08|tTelecommunications service in Canada : |w(CaOODSP)9.695125 |
| 776 | 0#|tTelecommunications service in Canada : |w(CaOODSP)9.663067 |
| 776 | 0#|tService de télécommunication au Canada : |w(CaOODSP)9.663068 |
| 776 | 0#|tService de télécommunication au Canada : |w(CaOODSP)9.681579 |
| 856 | 40|ahttp://publications.gc.ca|qPDF|s1.33 Mo|uhttps://publications.gc.ca/collections/Collection/C1-21-2000F.pdf |